000 00864nas a2200289 4500
001 BR7700782
003 BR-BrBNA
005 20231205083053.0
007 ta
008 230509b bl.|||p| |||| 00| 00por d
040 _aBR-BrBNA
_bpor
_cBiblioteca Nacional de Agricultura
041 _a(Pt)
072 _aH20
100 1 _aMariotto, P.R.
100 1 _aFigueiredo, P.
100 1 _aSilveira, A.P. da
100 1 _aGeraldo Junior, C.
100 1 _aArruda, H.V. de
100 1 _aBonini, R.
245 1 _aEficiencia da pulverizacao e do polvilhamento no controle da ferrugem do cafeeiro (Hemileia vastatrix Berk et Br)
650 _aCAFE
650 _aFERRUGEM
650 _aFUNGICIDA
773 0 _tBiologico (Brazil)
_xISSN 0366-0567
_g(May 1976), v. 42(5-6) p. 123-127
_wBR7700782
909 _a202311
_bLúcia
_c55
_dLúcia Elande
942 _2AGRIS
_n0
_cANA
999 _c96192
_d96192